000 00542nam a22001817a 4500
008 180502b xxu||||| |||| 00| | tur d
020 _a9750805305
041 _atur
050 _aPL248.U28
100 _91135
_aCahit Uçuk
245 _a Erkekler Dünyasında Bir Kadın Yazar : Silsilename I : Anı
250 _a3.Basım
260 _aİstanbul
_bYapı Kredi Yayınları
_cOcak
300 _a279 Sayfa
500 _a1.Baskı : İstanbul, Ocak 2003 3.Baskı : İstanbul, Ocak 2003
650 0 _9145
_aTürk Edebiyatı
942 _2lcc
_cBK
999 _c2178
_d2139